Score 0/20 Timer 05:00
7 Plays Today
Question Answer Wrong Answers
____celona
Spain
Bar
96.9%
Hospital
0.2%
Police Station
0.3%
Classroom
0.5%
Mos____
Russia
Cow
96.4%
Pig
0.6%
Horse
0.3%
Duck
0.7%
War____
Poland
Saw
95.5%
Hammer
1.2%
Screwdriver
0.5%
Level
0.8%
Bagh____
Iraq
Dad
95.5%
Mom
0.7%
Mailman
1.1%
Baby
0.7%
Ven____
Italy
Ice
95.3%
Mice
1%
Spice
0.7%
Vice
1%
____burg
Germany
Ham
94.9%
Chicken
0.4%
Beef
2.3%
Turkey
0.4%
____diff
United Kingdom
Car
93.6%
Bike
0.9%
Bus
1.8%
Boat
1.6%
____ Town
South Africa
Cape
86.7%
Sombrero
1.8%
Boot
0.7%
Poncho
8.9%
___otá
Colombia
Bog
84.8%
Field
5.2%
Mountain
4.3%
Desert
3.4%
Ra____
Morocco
Bat
84.7%
Cat
6.7%
Rat
3.9%
Gnat
2.5%
____ Coast
Australia
Gold
79.6%
Silver
1.9%
Ivory
15.4%
Iron
1.2%
San ____
United States
Antonio (Banderas)
79.4%
Mike (Myers)
8.7%
Cameron (Diaz)
6.4%
Eddie (Murphy)
3.3%
____ de Janeiro
Brazil
Rio
78.7%
Brave
1.5%
Madagascar
5.5%
Rango
12.3%
____ston
Jamaica
(Larry) King
74.8%
Dr. Phil
6.1%
(James) Lipton
14.4%
(Oprah) Winfrey
2.5%
____abad
Pakistan
Islam
74.4%
Christanity
1.8%
Judaism
4.6%
Hinduism
17.1%
____poro
Japan
Sap
73.7%
Mustard
5.3%
Butter
2.2%
Jam
16.5%
Belmo____
Belize
Pan
66.3%
Pot
12.5%
Can
16.8%
Fork
2.1%
Monter____
Mexico
Rey
60.8%
Finn
19.5%
Snoke
6.6%
Kylo Ren
10.6%
____gary
Canada
Cal (Ripken)
59.7%
Derek (Jeter)
16.3%
David (Ortiz)
9.5%
Alex (Rodriguez)
12%
Santia____
Chile
Go
59.6%
Chinese Checkers
13.6%
Monopoly
20.9%
Life
3.7%

You're not logged in!

Compare scores with friends on all Sporcle quizzes.
OR
Log In

Sporcle TV

Today on Sporcle TV


Watch our educational content, quiz creation guides, and fun videos on Sporcle TV.

Show Comments

Extras

Top Quizzes Today


Score Distribution

Paid Content

Your Account Isn't Verified!

In order to create a playlist on Sporcle, you need to verify the email address you used during registration. Go to your Sporcle Settings to finish the process.

Report this User

Report this user for behavior that violates our Community Guidelines.

Details: